000 00408nam a2200181Ia 4500
003 0STCL
008 150530s9999 xx 000 0 und d
040 _aSTCL
_cSTCL
100 _aParur George
245 _aPirannal Sammanam
250 _a1
260 _bCurrent Book; Thrissur
_c1988
_aThrissur
300 _a0
546 _aMalayalam
942 _2ddc
_cBK
999 _c48490
_d48490
005 20220125170745.0